000 00486nam a22001817a 4500
003 CEME
005 20221205102116.0
008 210201b xxu||||| |||| 00| 0 eng d
020 _a81-7071-399-X
040 _c.
082 _a891.4391 HUN
100 _aRahman, Sarvat
_980005
245 _a100 poems by faiz ahmed faiz
260 _aNEW DELHI
_bDEEP AND DEEP
_c2002
300 _a344P
650 _a100 POEMS BY FAIZ AHMED FAIZ.POETRY OF FAIZ AHMED FAIZ
_980006
942 _cBK
_2ddc
999 _c584983
_d584983